000 00459nam a2200181Ia 4500
008 090124s9999 xx 000 0 und d
082 _b122659
100 _aथोरे अशोक
245 _a रुप महाल
250 _a1
260 _c1988
300 _a176
600 _aथोरे अशोक
630 _a रुप महाल
700 _aथोरे अशोक
730 _a रुप महाल
942 _cBOOK
999 _c168745
_d168745